000 00295nam a22001337a 4500
008 170605b xxu||||| |||| 00| 0 eng d
020 _a9780821416891
041 _aeng
080 _a94(6)
100 _a18
101 _aSHH
245 _aTHE AFRICAN AIDS EPIDEMIC
_cILIFFE,J
942 _2udc
_cBK
999 _c15891
_d15891